| 000 | 00445nam a22001697a 4500 | ||
|---|---|---|---|
| 999 |
_c526365 _d526365 |
||
| 003 | NUST | ||
| 020 | _qP/B | ||
| 038 | _awaseem | ||
| 082 |
_a891.421 _bAWA |
||
| 100 |
_aAwan, Muhammad Ayub _917360 |
||
| 245 |
_aKirri De Aatta / _cMuhammad Ayub Awan |
||
| 260 |
_aLahore : _bUddam Publishers, _c1995. |
||
| 300 | _a60 p. ; | ||
| 880 |
_6100-01\r _aمحمد ایوب اعوان |
||
| 880 |
_6245-02\r _aکیڑی دا آٹا / |
||
| 942 |
_2ddc _cBK |
||